Capital Cities Without The Letters A or E - Statistics

General Stats
  • This quiz has been taken 130 times
    124 since last reset
  • The average score is 13 of 21
Answer Stats
Answer % Correct
London
88%
Tokyo
86%
Moscow
84%
Oslo
84%
Lisbon
75%
Stockholm
73%
Dublin
71%
Minsk
70%
Tunis
69%
Tbilisi
63%
Quito
59%
Vilnius
59%
Dili
55%
Djibouti
51%
Thimphu
51%
Tripoli
46%
Moroni
37%
Porto Novo
35%
Kingston
34%
Kingstown
34%
Port Louis
33%
No matching quizzes found
Score Distribution
Percent of People with Each Score
Percentile by Number Answered
Your Score History
You have not taken this quiz since the last reset